365 saying of prophet Muhammad : (Record no. 40552)

MARC details
000 -LEADER
fixed length control field 00748nam a22002057a 4500
005 - DATE AND TIME OF LATEST TRANSACTION
control field 20100810111521.0
010 ## - LCCN (DPL NO)
LC control number ENG-99330
020 ## - INTERNATIONAL STANDARD BOOK NUMBER
International Standard Book Number 9788179928387
Terms of availability 295.00
035 ## - SYSTEM CONTROL NUMBER
System control number EN-82862
037 ## - SOURCE OF ACQUISITION
Source of stock number/acquisition DBAD/PUB
082 ## - DEWEY DECIMAL CLASSIFICATION NUMBER
Classification number 270
245 ## - TITLE STATEMENT
Title 365 saying of prophet Muhammad :
Remainder of title peace be upon him /
Statement of responsibility, etc translated by Abdur Raheem Kidwai
246 ## - VARYING FORM OF TITLE
Title proper/short title Three hundred sixty five
260 ## - PUBLICATION, DISTRIBUTION, ETC. (IMPRINT)
Place of publication, distribution, etc Mumbai
Name of publisher, distributor, etc Jaico Publishing House
Date of publication, distribution, etc 2008
270 ## - ADDRESS
Address A-2, Jash Chambers, Sir Phirozshah Mehta Road Fort
City Mumbai
Postal code 400001
300 ## - PHYSICAL DESCRIPTION
Extent xxiii,390p.
Dimensions 18cm (pbk)
700 ## - ADDED ENTRY--PERSONAL NAME
Personal name Kidwai, Abdur Raheem
9 (RLIN) 9885
942 ## - ADDED ENTRY ELEMENTS (KOHA)
Source of classification or shelving scheme Dewey Decimal Classification
Item type English Books
Classification part 270
Call number suffix SAY
Holdings
Withdrawn status Lost status Not for loan Collection code Home library Current library Date acquired Source of acquisition Cost, normal purchase price Full call number Barcode Copy number Cost, replacement price Koha item type
    Not For Loan Non-fiction D.B.Act.Division D.B.Act.Division 10/08/2010 DBAD/PUB 295.00 270 SAY EN-82862 1 295.00 English Books

© Delhi Public Library
Hit Counter
free hit counter